[Event "NED-ch U17"]
[Site "Haarlem"]
[Date "2011.05.08"]
[Round "9"]
[White "Maatman, Nick"]
[Black "Vastenhout, Raimond"]
[Result "1-0"]
[WhiteElo "1962"]
[BlackElo "1651"]
[PlyCount "81"]
[EventDate "2011.04.30"]
[EventType "swiss"]
[EventRounds "9"]
[EventCountry "NED"]
[SourceTitle "EXT 2012"]
[Source "ChessBase"]
[SourceDate "2011.11.24"]
[SourceVersion "1"]
[SourceVersionDate "2011.11.24"]
[SourceQuality "1"]

1. d4 e6 2. c4 c5 3. d5 exd5 4. cxd5 d6 5. Nc3 Nf6 6. e4 g6 7. f4 Bg4 8. Qa4+ Bd7 9. Qb3 b6 10. Nf3 Bg7 11. Bc4 Bg4 12. 0-0 Bxf3 13. Rxf3 Ng4 14. Ne2 Nd7 15. Bd2 0-0 16. Bc3 Re8 17. Bxg7 Kxg7 18. Nc3 Ndf6 19. Re1 a6 20. a4 h5 21. h3 Nh6 22. Qd1 Re7 23. Rfe3 Nd7 24. Bd3 Qc7 25. Kh1 c4 26. Bc2 Rae8 27. e5 Nc5 28. Qd4 Kh7 29. e6 fxe6 30. dxe6 Rxe6 31. Nd5 Qf7 32. Nf6+ Qxf6 33. Qxf6 Rxf6 34. Rxe8 Rxf4 35. Kg1 b5 36. axb5 axb5 37. Rd1 Nf5 38. Bxf5 Rxf5 39. Rxd6 Nd3 40. Rd7+ Kh6 41. h4 1-0

[Event "NED-ch U17"]
[Site "Haarlem"]
[Date "2011.04.30"]
[Round "1"]
[White "Vos, Tjark"]
[Black "Vastenhout, Raimond"]
[Result "1-0"]
[WhiteElo "1961"]
[BlackElo "1651"]
[PlyCount "93"]
[EventDate "2011.04.30"]
[EventType "swiss"]
[EventRounds "9"]
[EventCountry "NED"]
[SourceTitle "EXT 2012"]
[Source "ChessBase"]
[SourceDate "2011.11.24"]
[SourceVersion "1"]
[SourceVersionDate "2011.11.24"]
[SourceQuality "1"]

1. e4 e6 2. d4 d5 3. Nc3 Nf6 4. e5 Nfd7 5. f4 c5 6. Nf3 Nc6 7. Be3 a6 8. Qd2 b5 9. dxc5 Nxc5 10. 0-0-0 b4 11. Ne2 Ne4 12. Qe1 a5 13. Ng3 Nxg3 14. hxg3 a4 15. Bb5 Bd7 16. Qe2 b3 17. a3 bxc2 18. Qxc2 Rc8 19. Kb1 Nd4 20. Bxd7+ Qxd7 21. Qd3 Nb3 22. Rxh7 Rxh7 23. Qxh7 Qc6 24. Qd3 Rb8 25. Ka2 Qb7 26. Nd4 Nxd4 27. Bxd4 Bc5 28. Rh1 Kd7 29. Rd1 Ke8 30. Qc2 Qb3+ 31. Qxb3 axb3+ 32. Kb1 Bxd4 33. Rxd4 Kd7 34. Rd3 f6 35. Kc1 fxe5 36. fxe5 Ke7 37. Rf3 Rc8+ 38. Rc3 Rb8 39. Rc7+ Kf8 40. Kd2 Kg8 41. Ke3 Kh7 42. Rc6 Kg6 43. Rxe6+ Kf5 44. Re7 g5 45. Kd4 Rb5 46. Rd7 Kg4 47. e6 1-0

[Event "Twente Young Master op-D"]
[Site "Twente"]
[Date "2007.08.06"]
[Round "1"]
[White "Vastenhout, Raimond"]
[Black "Eggink, Mateusz"]
[Result "0-1"]
[WhiteElo "1337"]
[BlackElo "600"]
[PlyCount "88"]
[EventDate "2007.08.06"]
[EventType "swiss"]
[EventRounds "13"]
[EventCountry "NED"]
[SourceTitle "EXT 2008"]
[Source "ChessBase"]
[SourceDate "2007.11.25"]
[SourceVersion "1"]
[SourceVersionDate "2007.11.25"]
[SourceQuality "1"]

1. e4 c5 2. Nf3 Nc6 3. d4 cxd4 4. Nxd4 Nf6 5. Nc3 e6 6. Nxc6 bxc6 7. Bg5 Be7 8. Bc4 d5 9. exd5 cxd5 10. Bb5+ Bd7 11. 0-0 Rb8 12. Bxd7+ Qxd7 13. b3 0-0 14. Qf3 Qc7 15. Rfe1 Rfc8 16. Bf4 Bd6 17. Bxd6 Qxd6 18. Rac1 Qb4 19. Nb1 Rxc2 20. Nc3 Rxc1 21. Rxc1 Rc8 22. h3 h6 23. Kf1 Ne4 24. Ke1 Rxc3 25. Rxc3 Qxc3+ 26. Qxc3 Nxc3 27. a4 a5 28. f3 e5 29. Kd2 d4 30. g3 Nd5 31. Kd3 Nb4+ 32. Kd2 f5 33. g4 g6 34. Ke2 e4 35. fxe4 fxe4 36. h4 Kf7 37. Kd2 Ke6 38. Ke2 Ke5 39. h5 gxh5 40. gxh5 e3 41. Kd1 d3 42. Ke1 e2 43. Kd2 Nc2 44. Kxd3 e1Q 0-1

[Event "NED-ch U13"]
[Site "Rijswijk"]
[Date "2007.05.18"]
[Round "4"]
[White "Van Lit, Mats"]
[Black "Vastenhout, Raimond"]
[Result "1-0"]
[WhiteElo "1377"]
[BlackElo "1341"]
[PlyCount "103"]
[EventDate "2007.05.17"]
[EventType "swiss"]
[EventRounds "9"]
[EventCountry "NED"]
[SourceTitle "EXT 2009"]
[Source "ChessBase"]
[SourceDate "2008.11.26"]
[SourceVersion "1"]
[SourceVersionDate "2008.11.26"]
[SourceQuality "1"]

1. b4 e5 2. Bb2 Nc6 3. b5 Nd4 4. e3 Ne6 5. Bxe5 d6 6. Bb2 Nf6 7. c4 Be7 8. Nf3 0-0 9. d4 d5 10. Nbd2 Bb4 11. c5 Bd7 12. Qb3 Bxd2+ 13. Nxd2 Rb8 14. a4 c6 15. Be2 h6 16. 0-0 Qe7 17. b6 a6 18. f3 Ng5 19. Rae1 Rfe8 20. Bd3 Rbd8 21. Rf2 Qf8 22. Rfe2 Re7 23. h4 Ngh7 24. e4 dxe4 25. Bxe4 Be6 26. Qd3 Rde8 27. g4 Bd5 28. Re3 Nxe4 29. Nxe4 Bxe4 30. Rxe4 Nf6 31. Re5 Nd5 32. Rxe7 Rxe7 33. Rxe7 Qxe7 34. Qe4 Qxh4 35. Kg2 h5 36. gxh5 Qxh5 37. Bc1 Qg6+ 38. Kf2 Qxe4 39. fxe4 Nb4 40. Ke2 Kf8 41. Bd2 Na2 42. d5 cxd5 43. c6 bxc6 44. b7 dxe4 45. b8Q+ Ke7 46. Qe5+ Kd7 47. Qxe4 g6 48. Qd4+ Ke7 49. Bg5+ Ke6 50. Qf6+ Kd5 51. Qxf7+ Kc5 52. Qxa2 1-0

[Event "NED-ch U13"]
[Site "Rijswijk"]
[Date "2007.05.17"]
[Round "2"]
[White "Roelofs, Rik"]
[Black "Vastenhout, Raimond"]
[Result "1/2-1/2"]
[WhiteElo "1407"]
[BlackElo "1341"]
[PlyCount "132"]
[EventDate "2007.05.17"]
[EventType "swiss"]
[EventRounds "9"]
[EventCountry "NED"]
[SourceTitle "EXT 2009"]
[Source "ChessBase"]
[SourceDate "2008.11.26"]
[SourceVersion "1"]
[SourceVersionDate "2008.11.26"]
[SourceQuality "1"]

1. d4 d5 2. c4 e6 3. Nc3 Nf6 4. e3 Bb4 5. Bd2 0-0 6. Bd3 Nc6 7. Nge2 Bd7 8. 0-0 Qe7 9. a3 Bxc3 10. bxc3 e5 11. cxd5 Nxd5 12. Qb3 Nb6 13. c4 exd4 14. exd4 Rab8 15. d5 Bg4 16. Rfe1 Bxe2 17. Rxe2 Qf6 18. Ree1 Nd4 19. Qb1 g6 20. Be3 Nf5 21. Bxf5 Qxf5 22. Qxf5 gxf5 23. Rac1 Rfe8 24. Bxb6 Rxe1+ 25. Rxe1 axb6 26. g3 Ra8 27. Re7 c6 28. Rxb7 cxd5 29. cxd5 Rd8 30. Rxb6 Rxd5 31. Kf1 Ra5 32. Rb3 Kg7 33. Ke2 Kf6 34. Kd3 Kg5 35. Kc4 f4 36. Kb4 Ra8 37. a4 fxg3 38. hxg3 Kf5 39. a5 Ke5 40. Rc3 Kd6 41. Kb5 Rb8+ 42. Ka6 Ra8+ 43. Kb6 h5 44. Rc7 Rxa5 45. Rxf7 Ra2 46. Rf5 Ke6 47. Rf4 Ke5 48. Kb5 Rd2 49. Kc4 Ra2 50. Kd3 Ra3+ 51. Ke2 Ra5 52. Rh4 Kf6 53. Kf3 Ra3+ 54. Kg2 Kg6 55. f4 Ra2+ 56. Kh3 Ra1 57. f5+ Kg5 58. Rf4 Kf6 59. Rf2 Ra8 60. g4 Ra3+ 61. Kh4 hxg4 62. Kxg4 Ra4+ 63. Kh5 Ra5 64. Kg4 Ra4+ 65. Rf4 Rxf4+ 66. Kxf4 Kf7 1/2-1/2